| 000 | | | 03562nmc2a22002413x 450 |
| 001 | | | 6b5bd52b-bc8e-4abd-8ecd-083121d0c6b6 |
| 005 | | | 20250210111821.0 |
| 100 | ## | $a | 20241030l19111911k l0rusy0189 ca |
| 101 | 0# | $a | rus |
| 102 | ## | $a | RU |
| 105 | ## | $a | y### |
| 122 | 2# | $a | d |
| 200 | 1# | $a | Дело о пожалованиях в придворные чины и звания 30 августа, 6 сентября и 5 октября |
| | $j | 28 августа - 4 октября 1911 г. |
| 215 | ## | $a | 131 л. |
| | $d | 36,5х26 см |
| 251 | ## | $c | Дело |
| 300 | ## | $a | Дело |
| 371 | ## | $a | Документ не является опубликованным и широко распространяемым |
| 461 | #0 | $1 | 00108cd6ec2-be9a-457f-a0b6-fa449e506316 |
| | $1 | 2001 |
| | $a | Канцелярия Министерства Императорского двора |
| | $1 | 251 |
| | $c | Фонд |
| | $1 | 852 |
| | $j | 472 |
| 462 | #0 | $1 | 0017c8d6013-cf31-4dac-bfe7-f095d5511a1a |
| | $1 | 2001 |
| | $a | Канцелярия Министерства Императорского двора |
| | $1 | 251 |
| | $c | Опись |
| | $1 | 852 |
| | $j | 45 |
| | $l | 1911 г. |
| 801 | #0 | $a | RU |
| | $b | РГИА |
| | $c | 20241030 |
| | $g | RCR |
| 801 | #1 | $a | RU |
| | $b | ГлавНИВЦ |
| | $c | 20241030 |
| | $2 | rusmarc |
| 801 | #2 | $a | RU |
| | $b | ПБ им. Б.Н. Ельцина |
| | $c | 20250210 |
| | $g | RCR |
| | $2 | rusmarc |
| 850 | ## | $a | РГИА |
| 852 | ## | $a | РГИА |
| | $e | Федеральное казенное учреждение "Российский государственный исторический архив" (РГИА) |
| | $j | 10 |
| | $l | д |
| 937 | ## | $h | РГИА |
| | $d | 12419891 |
| | $a | ASBIBLIO_SCAN |
| 035 | ## | $a | RusGRCC00082032 |
| 856 | ## | $u | http://readingroom.main.prlib.ru/item.aspx?id_node=n196131972&mode=full |